000 03394cam a22011894i 4500
003 PE-LiUPU
005 20250813185343.0
008 150617s r 000 0 d
035 _a(Sirsi) a17030
040 _aPE-LiUPU
_bspa
_cPE-LiUPU
_erda
049 _aPRUA
082 0 4 _a300
_bL35
_221
100 1 _aLecaros V, Fernando,
_ecompáginas,
_eautor.
245 1 0 _aVisión de las ciencias historicosociales :
_bEl pasado y presente del Perú /
_c[compilado por] Fernando Lecaros.
264 1 _aLima :
_bRetablo Papel,
_c1976.
300 _a393 páginas ;
_c18 cm.
336 _atext
_2rdacontent
337 _aunmediated
_2rdamedia
338 _avolume
_2rdacarrier
490 0 _aRetablo de Papel ;
_v24
505 0 _aSobre el Perú antiguo: El hombre temprano en el Perú. -Sobre el descubrimiento de la cultura Chavín en el Perú. -El modo de producción asiático en el antiguo Perú. -Impero de los Incas o Tahuantinsuyo. -El periodo colonial: Carta de un poderoso banquero a un poderoso emperador. -Las 3 carabelas. -Santiago como símbolo de la conquista. -Los encomenderos. -El periodo republicano: Europa y la emancipación peruana. -Impresiones de un reservista. -Sobre algunos aspectos de nuestra historia social republicana. -Leguía y el crac del 29. -El levantamiento campesino de "Rumi Maqui". -La lucha indígena contra el gamonalismo. -Las luchas obreras en 1919.
526 _aP202
526 _aP201
526 _aP163
526 _aP162
526 _aP161
526 _aP160
526 _aP148
526 _aP147
526 _aP146
526 _aP145
526 _aP144
526 _aP143
526 _aP142
526 _aP141
526 _aP140
526 _aP139
526 _aP138
526 _aP137
526 _aP136
526 _aP135
526 _aP134
526 _aP133
526 _aP129
526 _aP128
526 _aP127
526 _aP120
526 _aP119
526 _aP118
526 _aP116
526 _aP115
526 _aP114
526 _aP110
526 _aP109
526 _aP108
526 _aP104
526 _aP103
526 _aP102
526 _aP99
526 _aP98
526 _aP97
526 _aP96
526 _aP95
526 _aP93
526 _aP90
526 _aP89
526 _aP88
526 _aP83
526 _aP82
526 _aP62
526 _aP59
526 _aP58
526 _aP57
526 _aP51
526 _aP49
526 _aP48
526 _aP47
526 _aP29
526 _aP24
526 _aP20
526 _aP19
526 _aP17
526 _aP15
526 _aP14
526 _aP12
526 _aP10
526 _aP09
526 _aP08
526 _aP07
526 _aP06
526 _aP05
526 _aP04
526 _aP01
650 0 4 _aCiencias sociales
_xEnsayos, conferencias, etc.
910 _ajck
_bjvq
_cjck
_d20150616
942 _2ddc
_cBOOK
949 _a300 L35
_wDEWEY
_c1
_i16263
_lCCODEBUL1
_mBUL
_p00.00
_r0
_sY
_tBOOK
_u19810615
_xEDUCACION
_zUNKNOWN
_0COMPRA
_o.STAFF. Colección General
994 _aC0
_bPEPRU
596 _a1
999 _a300 L35
_wDEWEY
_c16565
_i16263
_f2021-11-4
_g5
_lCCODEBUL1
_mBUL
_r0
_sY
_tBOOK
_u2015-6-17
_xBIBLIOTECA
_zUNKNOWN
_0COMPRA
_o.STAFF. Colección General
_d16565
980 _81
_gALBERTO SANCHEZ Responsable de Automatización